000 006340000a22002170004500
001 52437
021 _aPT
_b271731/08
100 _a20170314d2017 k y0pory5003 ba
101 0 _apor
102 _aPT
200 1 _aSmoke and fire
_fCatarina Chase Aleixo
_gil. Marta Teives
210 _aLisboa
_cTexto
_d2008
215 _a32 p.
_cil.
606 _92117
_aLiteratura inglesa
675 _a821.111-93
_vBN
_zpor
700 1 _96406
_aAleixo
_bCatarina Chase
702 1 _944984
_4440
_aTeives
_bMarta
801 _aPT
_c20170314
090 _a52437
942 _cMON
_n0
999 _a52437